Normal view
MARC view
Entry Personal Name
001 - CONTROL NUMBER
- control field: 44152
003 - CONTROL NUMBER IDENTIFIER
- control field: dpl
005 - DATE AND TIME OF LATEST TRANSACTION
- control field: 20120323120857.0
008 - FIXED-LENGTH DATA ELEMENTS
- fixed length control field: 120323|||a|||||| | ||| d
040 ## - CATALOGING SOURCE
- Original cataloging agency: dpl
- Transcribing agency: dpl
100 ## - HEADING--PERSONAL NAME
- Personal name: चान्दना,आर.सी.
670 ## - SOURCE DATA FOUND
- Source citation: Work cat.: (dpl): चान्दना,आर.सी., जनसंख्या भूगोल /, 2004
670 ## - SOURCE DATA FOUND
- Source citation: Work cat.: (dpl): चान्दना,आर.सी., जनसंख्या भूगोल /, 2004
